| 000 | 00695nam a22002537a 4500 | ||
|---|---|---|---|
| 001 | 0157 | ||
| 003 | DO-SdBNP | ||
| 005 | 20180226133351.0 | ||
| 007 | 0157 | ||
| 008 | 151005b 200 1994 xxu a 00| 0 spa d | ||
| 040 |
_aBPMSU _bspa _cBPMSU |
||
| 082 | 4 |
_axxxxx _bxxxxx |
|
| 245 | 0 | 3 |
_aEl libro de la selva / _ctraducción Edna Robinson |
| 260 |
_aAshland, Ohio, Estados Unidos : _bLandoll, _c1994. |
||
| 300 |
_a[24] p. : _bil. ; _c21 cm. |
||
| 490 | 1 | _aCuentos clásicos de hada | |
| 500 | _aLibro de pasta dura | ||
| 700 | 1 | 2 |
_aRobinson, Edna, _etr. |
| 830 | 0 | _aCuentos clásicos de hada | |
| 910 | _a144 | ||
| 942 |
_2ddc _cBK |
||
| 945 | _aInventariado, 2018 / BT | ||
| 956 | _aYngrid Lockward | ||
| 999 |
_c9175 _d9175 |
||